| 000 | 00632nam a22002177a 4500 | ||
|---|---|---|---|
| 003 | OSt | ||
| 005 | 20220107122837.0 | ||
| 008 | 180301b xxu||||| |||| 00| 0 eng d | ||
| 020 | _a9781107135765 | ||
| 040 | _cIIITMK | ||
| 082 | _a006.8 CAS/B | ||
| 100 |
_aCastillo, Carlos _913773 |
||
| 245 |
_aBig crisis data: _bSocial media in disasters and time critical situations _cCarlos Castillo |
||
| 260 |
_aUSA, _bCambridge University Press, _c2016. |
||
| 300 | _axii,212p. | ||
| 650 |
_aCOMPUTER SCIENCE _913872 |
||
| 650 |
_aBIG DATA _913873 |
||
| 650 |
_aBIG CRISIS DATA _913874 |
||
| 650 |
_aSOCIAL MEDIA _913875 |
||
| 942 |
_2ddc _cBK |
||
| 999 |
_c6006 _d6006 |
||